书目信息 |
| 题名: |
生物
|
|
| 作者: | 沈同 主编 | |
| 分册: | 第二册 | |
| 出版信息: | 石家庄 河北少年儿童出版社 1997 |
|
| 页数: | 212页 | |
| 开本: | 20cm | |
| 丛书名: | ||
| 单 册: | ||
| 中图分类: | Q5 , G634.91 | |
| 科图分类: | ||
| 主题词: | 教育--各级 , 生物 | |
| 电子资源: | ||
| ISBN: | 7-5376-0949-7 | |
| 000 | 00679nam0 2200253 45 | |
| 001 | 0180009132 | |
| 005 | 20070619153144.65 | |
| 010 | @a7-5376-0949-7@dCNY7.50 | |
| 100 | @a19950420d1997 em y0chiy0121 ea | |
| 101 | 0 | @achi |
| 102 | @aCN@b130000 | |
| 105 | @ay z 000yy | |
| 200 | 10 | @a生物@Asheng wu@h第二册@Fshen tong deng zhu bian |
| 210 | @a石家庄@c河北少年儿童出版社@d1997 | |
| 215 | @a212页@d20cm | |
| 300 | @a九年义务教育初级中学教师教学用书 | |
| 606 | 0 | @a教育@x各级 |
| 606 | @a生物 | |
| 690 | @aQ5@v4 | |
| 690 | @aG634.91@v3 | |
| 701 | 0 | @a沈同@Ashen tong@4主编 |
| 801 | 2 | @aCN@bNLC@c20070619 |
| 801 | 0 | @aCN@b上海图书馆@c20070612 |
| 905 | @dG634.91@e774:2 | |
| 生物.第二册.-石家庄:河北少年儿童出版社,1997 |
| 212页;20cm |
| 九年义务教育初级中学教师教学用书 |
| ISBN 7-5376-0949-7:CNY7.50 |
| ● |
| 相关链接 |
|
|
|
|
正题名:生物
索取号:G634.91/774:2
 
预约/预借
| 序号 | 登录号 | 条形码 | 馆藏地/架位号 | 状态 | 备注 |
| 1 | 0654348 | 206543481 | 第一样本阅览室/ [索取号:G634.91/774:2] | 在馆 | |
| 2 | 0654349 | 206543490 | 密集书库/ [索取号:G634.91/774:2] | 在馆 | |
| 3 | 0654350 | 206543506 | 密集书库/ [索取号:G634.91/774:2] | 在馆 | |
| 4 | 0654351 | 206543515 | 密集书库/ [索取号:G634.91/774:2] | 在馆 | |
| 5 | 0654352 | 206543524 | 密集书库/ [索取号:G634.91/774:2] | 在馆 |